Kanadyjczycy – nagła śmierć - Statystyki

Ogólne statystyki
  • Ten quiz został rozwiązany 5 633 razy
  • Średni wynik to 5 z 20
Answers on the Grid
Answers color-coded by a green-red scale on the quiz's grid according to % correct below.
Pamela Anderson
Mr. Beast
Kristen Bell
Justin Bieber
Jimmy Buffett
Jim Carrey
Cindy Crawford
Stephen Curry
Drake
Bob Dylan
Michael J. Fox
Terry Fox
Selena Gomez
Ryan Gosling
Wayne Gretzky
Carly Rae Jepsen
Avril Lavigne
Rob Lowe
Seth McFarlane
Shawn Mendes
Joni Mitchell
Alanis Morissette
Mike Myers
William Shatner
Britney Spears
Alan Thicke
Justin Trudeau
Shania Twain
The Weeknd
Neil Young
 
Statystyki odpowiedzi
Odpowiedź % Poprawnych
Justin Bieber
61%
Justin Trudeau
42%
Drake
40%
Pamela Anderson
39%
Jim Carrey
32%
Ryan Gosling
31%
The Weeknd
27%
Avril Lavigne
26%
Wayne Gretzky
26%
Carly Rae Jepsen
24%
Shawn Mendes
21%
Michael J. Fox
20%
Alanis Morissette
19%
Alan Thicke
16%
Joni Mitchell
15%
Mike Myers
14%
Shania Twain
14%
Terry Fox
12%
Neil Young
11%
William Shatner
9%
Nie znaleziono quizów pasujących do podanych kryteriów
Rozkład punktacji
Procent ludzi z każdym wynikiem
Percentyl według liczby udzielonych odpowiedzi
Twoja historia wyników
Nie rozwiązałeś tego quizu